000 00573nam a22001817a 4500
005 20251108161536.0
008 251108b |||||||| |||| 00| 0 eng d
020 _a9781292093864
050 _aTS155
_b.K785
100 _aKrajewski, Lee J.
245 _aOperations Management
_bprocesses and supply chains
_cLee J. Krajewski, Manoj K. Malhotra & Larry P. Ritzman
250 _a11th ed.
_bglobal edition
260 _aBoston
_bPearson
_c2016
300 _a663p.
_bill.
_c27.5cm
700 _aMalhotra, Manoj K.
700 _aRitzman, Larry P.
942 _2lcc
_cBK
_e11th ed.
_n0
999 _c8174
_d8174